• 首页
  • 本馆介绍
  • 公告通知
  • 最新文献
  • 馆藏检索
  • 电子资源
  • 读者导购
  • 参考咨询
  • 我的图书馆
  • 登录
  • 详细信息显示
  • 放入我的书架
  • 预约/预借图书
  • 作者相关作品
  • 分类相关作品
  • 丛书相关作品
  • 出版社相关作品

书目信息

  • 表格格式
  • 工作单格式
  • 卡片格式
题名:
黑臭水体防治技术及应用
    
 
作者: 蒋克彬 , 李元 , 刘鑫 编
分册:  
出版信息: 北京   中国石化出版社  2016.10
页数: 414页
开本: 26cm
丛书名:
单 册:
中图分类: X52
科图分类:
主题词: 水污染防治
电子资源:
ISBN: 978-7-5114-4274-1
000 00878nam0 2200241 450
001 3624
005 20181008110218.92
010    @a978-7-5114-4274-1@dCNY90.00
100    @a20161110d2016 em y0chiy50 ea
101 0  @achi
102    @aCN@b110000
105    @aa z 000yy
200 1  @a黑臭水体防治技术及应用@9hei chou shui ti fang zhi ji shu ji ying yong@f蒋克彬,李元,刘鑫编
210    @a北京@c中国石化出版社@d2016.10
215    @a414页@c图@d26cm
330    @a本书内容紧紧围绕《水污染防治行动计划》(“水十条”)对黑臭水体的治理要求、当前国家以及各地出台的相关治理技术与技术规范、标准编写,共分为十章,对黑臭水体的概念、有关防治技术和工程案例做了较系统的介绍。
606 0  @a水污染防治
690    @aX52@v5
701  0 @a蒋克彬@9jiang ke bin@4编
701  0 @a李元@9li yuan@4编
701  0 @a刘鑫@9liu xin@4编
801  0 @aCN@b91MARC@c20161118
905    @aMuseLib@dX52@e182
    
    黑臭水体防治技术及应用/蒋克彬,李元,刘鑫编.-北京:中国石化出版社,2016.10
    414页:图;26cm
    
    
    ISBN 978-7-5114-4274-1:CNY90.00
    本书内容紧紧围绕《水污染防治行动计划》(“水十条”)对黑臭水体的治理要求、当前国家以及各地出台的相关治理技术与技术规范、标准编写,共分为十章,对黑臭水体的概念、有关防治技术和工程案例做了较系统的介绍。
●
相关链接 在E读中查询图书 在五车中查询图书 在当当中查询图书 在豆瓣中查询图书


正题名:黑臭水体防治技术及应用     索取号:X52/182         预约/预借

序号 登录号 条形码 馆藏地/架位号 状态 备注
1 1122917   211229179   第二样本阅览室/ [索取号:X52/182] 在馆    
2 1122918   211229188   第三借阅区/ [索取号:X52/182] 在馆    
3 1122919   211229197   第三借阅区/ [索取号:X52/182] 在馆    
4 1122920   211229204   第三借阅区/ [索取号:X52/182] 在馆    
5 1122921   211229213   资源管理系资料室/ [索取号:X52/182] 在馆    
唐山师范学院图书馆 欢迎您!
大连网信软件有限公司© 版权所有